Statistics for Avatar the Last Airbender Season Three

Click here to take the quiz!

General Stats

  • This quiz has been taken 317 times
  • The average score is 14 of 20

Answer Stats

HintAnswer% Correct
The world thinks he isDead
97%
Katara learns ____________ from a Southern Water Tribe womanBlood bending
92%
Zuko decides to bust ____ out of prisonIroh
91%
Aang wakes up on aFire Navy Ship
85%
Katara pretends to be a river spirit calledThe Painted Lady
84%
Aang runs of to an "island" which turns out to be aLion Turtle
82%
and then joinThe Avatar
81%
The new Fire Lord isZuko
80%
To hide his arrow, he wears aHeadband
79%
Which he uses to defeat the Fire Lord by taking away hisFire Bending
75%
While fighting Ozai, Aang unblocks his chakra and goes intoThe Avatar State
73%
Zuko and Sokka visit _____________ to find Hakoda, Sokka's fatherThe Boiling Rock
71%
The group watch a terrible play about themsleves onEmber Island
69%
The Lion Turtle taught AangEnergy Bending
69%
Zuko and Katara search for the man who killed Katara's mother, the former leader ofThe Southern Raiders
63%
Aang, Sokka, and Toph start scamming people, where she gets the nickname,The Runaway
55%
Sokka becomes a master swordsman fromMaster Piandao
54%
Zuko and Aang visit _____________ to learn the source of firebendingThe Sun Warriors
54%
The group finds temporary safety atThe Western Air Temple
54%
Their first escape attempt is floating across the lake in aFreezer
22%

Score Distribution

Percentile by Number Answered

Percent of People with Each Score

Your Score History

You have not taken this quiz